000 00490nam a2200181Ia 4500
005 20250326124127.0
008 250326s9999 xx 000 0 und d
037 _aTextbook
040 _aFMSL
_beng
_cFMSL
041 _aeng
_2eng
084 _aX:51 L9;3
_qFMSL
100 _aMccarthy E J
_9121886
245 0 _aEssentials of marketing
_cMccarthy E J
260 _aUSA
_bUSA, Richard D Irwin
_c1979
300 _a500p
942 _cTB
_hX:51 L9;3
999 _c1272409
_d1272409